Húsvéti népszokások ; Összeáll. -ó-

Bibliographic Details
Other Authors: -ó- (Compiler)
Format: Article
Language:Hungarian
PhysicalDescription:Fotogr. 1
Subjects:

MARC

LEADER 00000nab a2200000 a 4500
001 vtls000585855
003 SK-MaSNL
005 20260319074424.0
008 180331c1996 xo 0 hun
015 |a SNBRB19rr/mm-uuuuu 
035 |a CL0585994 
040 |a SNKBUCL  |b slo  |c SNKBUCL  |e AACR2 
041 0 |a hun 
044 |a xo  |c SK 
080 |a 398.332.12(437.6=945.11)  |2 1981 
245 0 0 |a Húsvéti népszokások ; Összeáll. -ó- 
300 |b Fotogr. 1 
650 0 7 |a zvyky ľudové maďarské  |2 snkbucl  |9 633193 
650 0 7 |a Veľká noc  |2 snkbucl  |9 3414 
655 7 |a články z novín a časopisov  |2 snkbucl  |9 267496 
700 1 |a -ó-  |4 com  |9 893853 
773 0 |t Tábortűz  |g Roč. 45, č. április (1996), s. 20 
850 |a Slovenská národná knižnica v Martine  |a DSG001 
852 |a SNK  |b KIS3GCP 
958 |a RK 
958 |a HU 
958 |a SK 
992 |a RBX 
999 |c 1592313  |d 1594243